000 00402nam a2200157Ia 4500
008 221030s9999 xx 000 0 und d
020 _a8131807637
041 _aEnglish
100 _aB. C. Punmia
245 0 _aIrrigation & Water Power Engineering
_cby B. C. Punmia, A. K. Jain
260 _bLaxmi Pub.
_aNew Delhi
_c2018
300 _a964
650 _aCivil
700 _aA. K. Jain
942 _cBK
999 _c18238
_d18238